000 00593nam a2200193Ia 4500
005 20250317125304.0
008 008 250317s9999 xx 000 0 eng d
020 _a1-55815-077-3
037 _aTextbook
040 _aFMSL
_beng
_cFMSL
041 _aeng
_2eng
084 _aX72y7 N0
_qFMSL
100 _aBoskin M J
_9735820
245 0 _aWorld case reform: case studies of developed and developing countries
260 _aSan Francisco
_bSan Francisco, ICS Press
_c1990
300 _a346p
942 _cTB
_hX72y7 N0
999 _c1258815
_d1258815